| 000 | 00761nam a2200229 a 4500 | ||
|---|---|---|---|
| 001 | 000019304 | ||
| 005 | 20200929165958.0 | ||
| 008 | 100601s1998 sp a 000 0 spa d | ||
| 020 | _a8492359617 | ||
| 040 |
_aDO-SdBNP _bspa _cBNPHU |
||
| 082 |
_a709.034 _bC953i |
||
| 100 | 1 |
_aCrowley, David _941517 |
|
| 245 | 1 | 0 |
_aIntroducción al estilo victoriano / _cDavid Crowley ; editor Shaun Barrington. |
| 260 |
_aVizcaya : _bStatus Ediciones, _c1998. |
||
| 300 |
_a144 p. : _bil ; _c31 cm. |
||
| 500 | _aIncluye índice | ||
| 500 | _aIncluye datos biográficos del autor en la solapa de la cubierta | ||
| 534 | _aIntroduction to Victorian Style | ||
| 650 | 4 |
_aArte victoriano _zGran Bretaña _941518 |
|
| 700 | 1 |
_aBarrington, Shaun, _eed. _941519 |
|
| 049 | _aBNPD | ||
| 999 |
_c18822 _d18822 |
||